[Event "3th Serbian Open 2023"]
[Site "Hotel Metropol, Serbia"]
[Date "2023.07.21"]
[Round "6.6"]
[White "Priyanka, K."]
[Black "Avila Pavas, Santiago"]
[Result "0-1"]
[WhiteElo "2143"]
[BlackElo "2499"]
[PlyCount "54"]
[EventDate "2023.??.??"]

1. e4 c6 2. d4 d5 3. e5 Bf5 4. h4 h5 5. Bd3 Bxd3 6. Qxd3 Qa5+ 7. Nd2 e6 8. Ngf3 Qa6 9. c4 Bb4 10. O-O Ne7 11. b3 Nd7 12. Qc2 Nf5 13. a3 O-O 14. c5 Ba5 15. b4 Bxb4 16. Nb3 Ba5 17. Ng5 Bd8 18. Qd1 g6 19. g4 hxg4 20. Qxg4 Qc4 21. h5 Nxe5 22. Qh3 Bxg5 23. Bxg5 Nxd4 24. Nxd4 Qxd4 25. hxg6 fxg6 26. Qxe6+ Rf7 27. Rad1 Qe4 0-1

[Event "3th Serbian Open 2023"]
[Site "Hotel Metropol, Serbia"]
[Date "2023.07.21"]
[Round "6.12"]
[White "Ajay, Karthikeyan"]
[Black "Kupervaser, Erez"]
[Result "1-0"]
[WhiteElo "2441"]
[BlackElo "2262"]
[PlyCount "71"]
[EventDate "2023.??.??"]

1. d4 d5 2. Bf4 Nf6 3. e3 e6 4. Nf3 Bd6 5. Ne5 O-O 6. Nd2 c5 7. c3 Nc6 8. Bd3 Qc7 9. Ndf3 h6 10. Bg3 Nd7 11. Nxd7 Qxd7 12. Qe2 f5 13. Bb5 cxd4 14. cxd4 Bb4+ 15. Kf1 Qd8 16. a3 Be7 17. Bd3 Bd7 18. b4 a6 19. h3 Na7 20. Kg1 Bb5 21. Ne5 Bd6 22. Kh2 Rc8 23. Rhc1 Bxe5 24. Bxe5 Qd7 25. Rc5 b6 26. Bxb5 Nxb5 27. Rxc8 Qxc8 28. a4 Na7 29. b5 axb5 30. axb5 Qb7 31. Qa2 Nxb5 32. Qa6 Qd7 33. Qxb6 Rf7 34. Qc5 Re7 35. Ra6 Kh7 36. Rc6 1-0

[Event "3th Serbian Open 2023"]
[Site "Hotel Metropol, Serbia"]
[Date "2023.07.21"]
[Round "6.20"]
[White "Maksimovic, Bojan"]
[Black "Akhmedov, David"]
[Result "1/2-1/2"]
[WhiteElo "2482"]
[BlackElo "2213"]
[PlyCount "118"]
[EventDate "2023.??.??"]

1. e4 c5 2. Nf3 d6 3. d4 cxd4 4. Nxd4 Nf6 5. Nc3 a6 6. Be2 e5 7. Nb3 Be7 8. O-O O-O 9. Qd3 Be6 10. Bd2 Nc6 11. Nd5 a5 12. a4 Bxd5 13. exd5 Nb4 14. Bxb4 axb4 15. a5 Qd7 16. Nd2 Qc7 17. Qb5 Qxc2 18. Rfd1 Ra7 19. Kf1 Qf5 20. Qxb4 Nxd5 21. Qe4 Qxe4 22. Nxe4 Nb4 23. Nc3 Rc8 24. Ra4 d5 25. Nxd5 Nxd5 26. Rxd5 Kf8 27. Bc4 f6 28. Ke2 Raa8 29. Rb5 Rc7 30. Bd3 g6 31. Rc4 Rd7 32. Be4 Ra7 33. g4 Bd8 34. b4 Ke7 35. Rc8 Ke6 36. Bc2 b6 37. axb6 Rab7 38. Bb3+ Ke7 39. g5 fxg5 40. Rxe5+ Kf6 41. Re6+ Kg7 42. Rcc6 Re7 43. Rxe7+ Rxe7+ 44. Kd3 Rb7 45. Rd6 Bxb6 46. Bd5 Rb8 47. Rd7+ Kh6 48. f3 Bg1 49. h3 Rxb4 50. Bg8 g4 51. Rxh7+ Kg5 52. hxg4 Kf4 53. Rh3 g5 54. Kc3 Rd4 55. Bh7 Rd8 56. Be4 Be3 57. Rh7 Kg3 58. Kc4 Rd4+ 59. Kb5 Bf4 1/2-1/2

[Event "3th Serbian Open 2023"]
[Site "Hotel Metropol, Serbia"]
[Date "2023.07.21"]
[Round "6.23"]
[White "Djordjevic, Vuk"]
[Black "Hercegovac, Neven"]
[Result "1/2-1/2"]
[WhiteElo "2385"]
[BlackElo "2173"]
[PlyCount "136"]
[EventDate "2023.??.??"]

1. e4 c5 2. Nf3 Nc6 3. Bb5 g6 4. O-O Bg7 5. c3 e5 6. d4 cxd4 7. cxd4 exd4 8. Bf4 a6 9. Qa4 Nge7 10. Bd6 b6 11. Bc4 Bb7 12. Ng5 O-O 13. Qb3 Qe8 14. Qg3 h6 15. Nf3 b5 16. Bb3 Na5 17. Nbd2 Rc8 18. Ne5 Nxb3 19. Qxb3 Bxe5 20. Bxe5 d5 21. exd5 Bxd5 22. Qh3 Nf5 23. Rfe1 Qd8 24. Bf4 h5 25. Re5 Qd7 26. Rae1 Rfe8 27. Rxe8+ Rxe8 28. Rd1 Qc6 29. g4 hxg4 30. Qxg4 Qe6 31. b3 Qe2 32. Qxe2 Rxe2 33. Kf1 Re8 34. Rc1 Nh4 35. Bg5 Nf3 36. Nxf3 Bxf3 37. Bd2 Re2 38. Bg5 Kg7 39. a3 d3 40. Rc3 Ra2 41. Ke1 Be4 42. b4 Re2+ 43. Kf1 Bf5 44. h4 Kh7 45. Be3 Kg7 46. Bg5 Rc2 47. Rxc2 dxc2 48. Ke2 f6 49. Be3 Kf7 50. Kd2 Ke6 51. Bd4 Be4 52. f4 Kf5 53. Bc3 Kxf4 54. Bxf6 Kf5 55. Bg7 Ke6 56. Kc1 Kd5 57. Bf6 Kc4 58. Kb2 Bf5 59. Bg7 Kd3 60. Kc1 Kc4 61. Kb2 c1=Q+ 62. Kxc1 Kb3 63. Bb2 Be4 64. Be5 Kxa3 65. Bd6 Ka4 66. Kb2 a5 67. bxa5 Kxa5 68. Bf4 Bf5 1/2-1/2

[Event "3th Serbian Open 2023"]
[Site "Hotel Metropol, Serbia"]
[Date "2023.07.21"]
[Round "6.21"]
[White "Aakash Sharadchandra, Dalvi"]
[Black "Cardoso Cardoso, Jose Gabriel"]
[Result "0-1"]
[WhiteElo "2210"]
[BlackElo "2480"]
[PlyCount "70"]
[EventDate "2023.??.??"]

1. d4 Nf6 2. c4 e6 3. Nf3 d5 4. Nc3 dxc4 5. e4 b5 6. e5 Nd5 7. Nxb5 Nb6 8. Be2 Nc6 9. O-O Be7 10. Be3 O-O 11. Qc1 Bb7 12. Rd1 Nb4 13. Nc3 Qc8 14. Nd2 c5 15. Nde4 cxd4 16. Bxd4 Nc6 17. Bxb6 axb6 18. Qf4 Qb8 19. Nd6 Ra5 20. Nxc4 Rc5 21. Nxb6 Nxe5 22. Qe3 Bxg2 23. Nba4 Rxc3 24. bxc3 Bc6 25. Rab1 Qc7 26. Nc5 Ba8 27. Na6 Qc6 28. f3 Nc4 29. Qa7 Bg5 30. Qc7 Qxa6 31. Rb8 Bd5 32. Rxf8+ Kxf8 33. Bxc4 Qxc4 34. Qd6+ Ke8 35. Rb1 Be3+ 0-1

[Event "3th Serbian Open 2023"]
[Site "Hotel Metropol, Serbia"]
[Date "2023.07.21"]
[Round "6.26"]
[White "Jocev, Milan"]
[Black "Granovskiy, Alexandr"]
[Result "1/2-1/2"]
[WhiteElo "2321"]
[BlackElo "2143"]
[PlyCount "143"]
[EventDate "2023.??.??"]

1. e4 e5 2. Nf3 Nc6 3. Bb5 a6 4. Ba4 Nf6 5. O-O Be7 6. Re1 b5 7. Bb3 d6 8. c3 O-O 9. h3 Na5 10. Bc2 c5 11. d4 Nd7 12. Nbd2 exd4 13. cxd4 Nc6 14. a3 cxd4 15. Nb3 Bf6 16. Nbxd4 Nxd4 17. Nxd4 Nb6 18. Qd3 g6 19. Bb3 Bb7 20. Bd2 Re8 21. Ba5 d5 22. Bxd5 Bxd5 23. exd5 Qxd5 24. Rxe8+ Rxe8 25. Bxb6 Rb8 26. Ba7 Ra8 27. Qe3 Rxa7 28. Nxb5 Re7 29. Nc3 Rxe3 30. Nxd5 Bxb2 31. Nxe3 Bxa1 32. Kf1 Kf8 33. Ke2 Ke7 34. Kd3 Kd6 35. Kc4 Bb2 36. a4 h5 37. Nd5 Kc6 38. Nb4+ Kb6 39. Nd3 Bg7 40. f3 h4 41. Nc5 Ka5 42. Kb3 Kb6 43. Nd3 Bf6 44. Kb4 Be7+ 45. Kc4 Bd6 46. Nf2 Ka5 47. Kb3 Kb6 48. Ne4 Be7 49. Kc4 Kc6 50. Kd4 f5 51. Nd2 Bf6+ 52. Kc4 Kd6 53. Nb3 Ke5 54. Nd2 Bg5 55. Nf1 Bf4 56. Kc5 a5 57. Kc4 Bc1 58. Nh2 Bd2 59. Nf1 Be1 60. Ne3 Bf2 61. Nf1 Bb6 62. Nd2 Kf4 63. Nf1 Ke5 64. Nd2 Bd8 65. Kd3 Kd5 66. Nb3 Bb6 67. Kc3 Ke5 68. Kd3 g5 69. Nc1 Kd5 70. Nb3 Ke5 71. Nc1 Kd5 72. Nb3 1/2-1/2

[Event "SERBIA OPEN 2023 - MASTERS"]
[Site "Belgrade,Metropol Palace hotel"]
[Date "2023.07.21"]
[Round "6.31"]
[White "Aaron, Deepak"]
[Black "Androutsopoulos-Agiotatos, Vasil"]
[Result "1-0"]
[WhiteElo "2305"]
[BlackElo "2121"]
[PlyCount "61"]
[EventDate "2023.07.16"]

1. d4 Nf6 2. c4 e6 3. Nc3 Bb4 4. Nf3 b6 5. Bg5 Bb7 6. e3 h6 7. Bh4 g5 8. Bg3 Ne4 9. Qc2 f5 10. Bd3 O-O 11. Bxe4 Bxe4 12. Qb3 Bxc3+ 13. Qxc3 Bxf3 14. gxf3 f4 15. O-O-O fxg3 16. hxg3 Rf6 17. f4 Rg6 18. e4 d6 19. Rh5 Nd7 20. fxg5 hxg5 21. Rdh1 Nf8 22. e5 g4 23. f4 dxe5 24. dxe5 Qe8 25. Rh8+ Kf7 26. R1h5 Qc6 27. f5 exf5 28. Rxf5+ Ke7 29. e6 Nxe6 30. Rh7+ Kd8 31. Qh8+ 1-0

[Event "SERBIA OPEN 2023 - MASTERS"]
[Site "Belgrade,Metropol Palace hotel"]
[Date "2023.07.21"]
[Round "6.32"]
[White "Spasic, Petar"]
[Black "Jin, Yueheng"]
[Result "0-1"]
[WhiteElo "2303"]
[BlackElo "2113"]
[PlyCount "94"]
[EventDate "2023.07.16"]

1. e4 c5 2. Nf3 e6 3. d4 cxd4 4. Nxd4 Nf6 5. Nc3 Nc6 6. Be2 Bb4 7. O-O Bxc3 8. bxc3 Nxe4 9. Nxc6 dxc6 10. Qxd8+ Kxd8 11. Bf3 Nf6 12. Rd1+ Bd7 13. Bf4 Kc8 14. c4 Rd8 15. Rab1 b6 16. Bd6 Be8 17. c5 Nd5 18. Rd3 bxc5 19. Bxc5 Kc7 20. Rbb3 Nb6 21. a4 Rdb8 22. Bf8 g6 23. Rd1 Rd8 24. Rdb1 Rdb8 25. Rd3 Nc4 26. Re1 Rd8 27. Rc3 Nd2 28. Be2 Ne4 29. Re3 Nd6 30. Be7 Rd7 31. Bf6 Nf5 32. Re4 a5 33. Rb1 Kc8 34. g4 Ne7 35. Rc4 Rc7 36. Rc5 Nd5 37. Be5 Rb7 38. Rd1 Rb6 39. c4 Nb4 40. Bf3 Rb7 41. Kg2 Rd7 42. Rb1 Rb7 43. Kg3 Na6 44. Rxb7 Nxc5 45. Re7 Kd8 46. Rxe8+ Kxe8 47. Bd4 Nxa4 0-1

[Event "SERBIA OPEN 2023 - MASTERS"]
[Site "Belgrade,Metropol Palace hotel"]
[Date "2023.07.21"]
[Round "6.33"]
[White "Vujovic, Vera"]
[Black "Klek, Hanna Marie"]
[Result "0-1"]
[WhiteElo "2054"]
[BlackElo "2301"]
[PlyCount "86"]
[EventDate "2023.07.16"]

1. e4 c5 2. Nf3 Nc6 3. Bb5 g6 4. Bxc6 bxc6 5. O-O Bg7 6. d3 d6 7. Re1 e5 8. Nc3 Ne7 9. Nd2 O-O 10. Nc4 Be6 11. Be3 d5 12. Bxc5 dxc4 13. dxc4 Qxd1 14. Raxd1 Rfe8 15. b3 Bf8 16. Na4 g5 17. Be3 h6 18. Nc5 Ng6 19. Nxe6 Rxe6 20. Rd7 a6 21. Red1 Be7 22. a4 Kf8 23. Bb6 Kg7 24. c5 Nf8 25. R7d3 g4 26. b4 Rc8 27. Kf1 Rf6 28. g3 h5 29. c3 Rh6 30. Kg2 h4 31. f3 hxg3 32. hxg3 gxf3+ 33. Kxf3 Ne6 34. Kg2 Ng5 35. Re3 f6 36. c4 Ne6 37. Rc3 Kf7 38. Kf3 Rh2 39. Ke3 Rg8 40. Rg1 Rb2 41. b5 Nxc5 42. Ra3 Nd7 43. c5 Nxb6 0-1

[Event "SERBIA OPEN 2023 - MASTERS"]
[Site "Belgrade,Metropol Palace hotel"]
[Date "2023.07.21"]
[Round "6.34"]
[White "Hemanth, Raam"]
[Black "Heinemann, Josefine"]
[Result "1/2-1/2"]
[WhiteElo "2042"]
[BlackElo "2297"]
[PlyCount "57"]
[EventDate "2023.07.16"]

1. e4 c5 2. Nf3 d6 3. Bb5+ Nd7 4. c4 Ngf6 5. Nc3 g6 6. O-O Bg7 7. d3 O-O 8. a3 Nb6 9. Na4 a6 10. Nxb6 Qxb6 11. Ba4 Qc7 12. Rb1 Rb8 13. h3 b5 14. Bc2 bxc4 15. dxc4 Nd7 16. Qe2 a5 17. Re1 Ba6 18. a4 Rb4 19. b3 Nb8 20. Bf4 Nc6 21. Rbd1 Bc3 22. Bd2 Bxd2 23. Qxd2 Kg7 24. e5 Nxe5 25. Nxe5 dxe5 26. Qd7 Rb7 27. Qxc7 Rxc7 28. Rxe5 Bb7 29. Re2 1/2-1/2

[Event "SERBIA OPEN 2023 - MASTERS"]
[Site "Belgrade,Metropol Palace hotel"]
[Date "2023.07.21"]
[Round "6.35"]
[White "Celik, Ali Alper"]
[Black "Yordanov, Lachezar"]
[Result "1/2-1/2"]
[WhiteElo "2038"]
[BlackElo "2288"]
[PlyCount "48"]
[EventDate "2023.07.16"]

1. e4 c5 2. Nf3 d6 3. d4 cxd4 4. Nxd4 Nf6 5. Nc3 a6 6. Bg5 Nbd7 7. Bc4 Qb6 8. Bb3 e6 9. Bxf6 Nxf6 10. Qd2 Be7 11. O-O-O O-O 12. f4 Qc5 13. Rhe1 b5 14. Kb1 Bb7 15. e5 dxe5 16. fxe5 Nd5 17. Nxd5 Bxd5 18. Bxd5 Qxd5 19. Nf5 Qc5 20. Nxe7+ Qxe7 21. Qd6 Qg5 22. Qd2 Qe7 23. Qd6 Qg5 24. Qd2 Qe7 1/2-1/2

[Event "SERBIA OPEN 2023 - MASTERS"]
[Site "Belgrade,Metropol Palace hotel"]
[Date "2023.07.21"]
[Round "6.36"]
[White "Srdanovic, Jovana"]
[Black "Avinash, Ramesh"]
[Result "0-1"]
[WhiteElo "2032"]
[BlackElo "2271"]
[PlyCount "78"]
[EventDate "2023.07.16"]

1. d4 Nf6 2. c4 g6 3. g3 Bg7 4. Bg2 O-O 5. Nc3 d6 6. Nf3 c6 7. O-O Bf5 8. Nh4 Be6 9. Qd3 d5 10. cxd5 cxd5 11. Qb5 Qd7 12. Nf3 Nc6 13. Ne5 Qc7 14. Nxc6 bxc6 15. Qc5 Nd7 16. Qxe7 Bxd4 17. Bh6 Rfe8 18. Qa3 Bc5 19. Qa4 Bf5 20. Qd1 Qe5 21. e3 Qf6 22. h4 Ne5 23. Na4 Bd6 24. Qd4 Bd3 25. Rfc1 Rac8 26. Nc5 Be2 27. Bf4 Qf5 28. e4 Qg4 29. Bxe5 Bxe5 30. Qd2 Bf3 31. exd5 Bxg2 32. Kxg2 Bxg3 33. Qg5 Qxg5 34. hxg5 Bf4 35. Rd1 Re5 36. Nd7 Rxg5+ 37. Kf3 Rf5 38. Kg2 Kg7 39. d6 Rd8 0-1

[Event "SERBIA OPEN 2023 - MASTERS"]
[Site "Belgrade,Metropol Palace hotel"]
[Date "2023.07.21"]
[Round "6.37"]
[White "Babakekhyan, Artem"]
[Black "Kim, Andrey"]
[Result "1/2-1/2"]
[WhiteElo "2264"]
[BlackElo "2093"]
[PlyCount "74"]
[EventDate "2023.07.16"]

1. Nf3 d5 2. g3 Nf6 3. Bg2 c6 4. O-O Bf5 5. c4 e6 6. cxd5 exd5 7. d3 Be7 8. Qb3 Qb6 9. Qc2 h6 10. Nc3 O-O 11. e4 Bh7 12. Be3 Qa6 13. Rad1 Nbd7 14. h3 Bb4 15. e5 Ne8 16. Qd2 Nc7 17. d4 f6 18. a3 Bxc3 19. Qxc3 Be4 20. Nh4 Bxg2 21. Kxg2 fxe5 22. dxe5 Nb5 23. Qc2 Nxe5 24. Bxh6 Nd6 25. Bf4 Rfe8 26. Rfe1 Qc4 27. Qb1 Ndf7 28. Qf5 Nd6 29. Qh5 Nd3 30. Rxe8+ Nxe8 31. Rxd3 Qxd3 32. Ng6 Qe4+ 33. Kh2 Qe6 34. Bg5 Nc7 35. Bf4 Ne8 36. Bg5 Nc7 37. Bf4 Ne8 1/2-1/2

[Event "SERBIA OPEN 2023 - MASTERS"]
[Site "Belgrade,Metropol Palace hotel"]
[Date "2023.07.21"]
[Round "6.38"]
[White "Petrusic, Velimir"]
[Black "Aswath, S.."]
[Result "1-0"]
[WhiteElo "2020"]
[BlackElo "2251"]
[PlyCount "95"]
[EventDate "2023.07.16"]

1. d4 d5 2. c3 c5 3. dxc5 Nc6 4. b4 g6 5. Bb2 Bg7 6. a3 a5 7. Nd2 Be6 8. Qc1 b6 9. cxb6 Qxb6 10. Ngf3 Rc8 11. e3 Nh6 12. c4 f6 13. c5 Qb8 14. b5 Ne5 15. Nd4 Bf7 16. a4 O-O 17. Be2 Rfe8 18. O-O Neg4 19. N4f3 e5 20. h3 e4 21. hxg4 Nxg4 22. g3 exf3 23. Bxf3 Ne5 24. Be2 h5 25. Nf3 Ng4 26. Bd4 g5 27. c6 h4 28. Nxg5 Bh5 29. Qd1 Nxf2 30. Rxf2 Bxe2 31. Qxe2 fxg5 32. Bxg7 Kxg7 33. Qg4 Qe5 34. Qd4 Qxd4 35. exd4 hxg3 36. Rc2 Re6 37. Rac1 Rh6 38. b6 Rch8 39. Kg2 g4 40. Kxg3 Rh3+ 41. Kf4 R8h6 42. Rg2 Rf6+ 43. Kxg4 Rhf3 44. c7 R6f4+ 45. Kh5+ Kf6 46. c8=Q Rf5+ 47. Qxf5+ Kxf5 48. Rg5+ 1-0

[Event "SERBIA OPEN 2023 - MASTERS"]
[Site "Belgrade,Metropol Palace hotel"]
[Date "2023.07.21"]
[Round "6.40"]
[White "Kurmangaliyeva, Liya"]
[Black "Simonovic, Miroslav"]
[Result "1-0"]
[WhiteElo "2225"]
[BlackElo "2082"]
[PlyCount "81"]
[EventDate "2023.07.16"]

1. e4 c5 2. Nf3 Nc6 3. d4 cxd4 4. Nxd4 g6 5. c4 Bg7 6. Be3 d6 7. Nc3 Nf6 8. Be2 h5 9. h3 Bd7 10. Rc1 Rc8 11. O-O O-O 12. Nb3 Be6 13. f4 Na5 14. Nxa5 Qxa5 15. b3 Nd7 16. Qd2 f5 17. Bf3 Nc5 18. Bd4 Nxe4 19. Bxe4 fxe4 20. Bxg7 Kxg7 21. Qd4+ Kf7 22. Nxe4 Bf5 23. Ng5+ Kg8 24. Rfe1 Rc7 25. c5 Rd7 26. Qc4+ d5 27. Qe2 Qb4 28. Qe5 Rf6 29. Qb8+ Rf8 30. Qe5 Rf6 31. Red1 Qa3 32. Kh2 d4 33. Rc4 d3 34. Ra4 Qxa4 35. bxa4 Rc6 36. Qb8+ Kg7 37. Qe8 e5 38. Rxd3 Rcc7 39. Qxe5+ Kg8 40. Rd6 Rxd6 41. cxd6 1-0

[Event "SERBIA OPEN 2023 - MASTERS"]
[Site "Belgrade,Metropol Palace hotel"]
[Date "2023.07.21"]
[Round "6.41"]
[White "Poorna, Sri M.K"]
[Black "Valiyev, Shahin"]
[Result "0-1"]
[WhiteElo "1736"]
[BlackElo "2220"]
[PlyCount "120"]
[EventDate "2023.07.16"]

1. e4 c5 2. Nf3 d6 3. d4 cxd4 4. Nxd4 Nf6 5. Nc3 a6 6. f3 e5 7. Nb3 Be6 8. Be3 Be7 9. Qd2 O-O 10. O-O-O Nbd7 11. g4 b5 12. g5 Nh5 13. Rg1 Nb6 14. Nd5 Nxd5 15. exd5 Bf5 16. Na5 f6 17. Nc6 Qd7 18. h4 fxg5 19. hxg5 Bg6 20. Kb1 Kh8 21. Ka1 Bd8 22. c4 bxc4 23. Bxc4 Rxf3 24. Qe2 Rf8 25. Bxa6 Bc7 26. Bd3 Bxd3 27. Qxd3 g6 28. Rh1 Qg4 29. Rdg1 Qf5 30. Qc3 Qf3 31. a3 Rf7 32. Qd2 Raf8 33. b4 Qe4 34. Re1 Ng3 35. Rhg1 Rf3 36. Nd4 Nf1 37. Qc2 Rxe3 38. Qxe4 Rxe4 39. Rxe4 exd4 40. Re7 Bd8 41. Rd7 Ne3 42. Rxd6 d3 43. Re6 d2 44. Rxe3 Bb6 45. Rd3 Bxg1 46. Rxd2 Be3 47. Rd3 Bxg5 48. Kb2 Bf4 49. d6 Kg7 50. Kb3 Kf6 51. Kc4 Ke6 52. Kc5 Rd8 53. b5 Rxd6 54. Rf3 g5 55. Rh3 g4 56. Rxh7 g3 57. Rg7 Rd5+ 58. Kc6 Rg5 59. Rd7 Rc5+ 60. Kxc5 Kxd7 0-1

[Event "SERBIA OPEN 2023 - MASTERS"]
[Site "Belgrade,Metropol Palace hotel"]
[Date "2023.07.21"]
[Round "6.42"]
[White "Zhukov, Anton"]
[Black "Kulnev, Aleksandr"]
[Result "1-0"]
[WhiteElo "2215"]
[BlackElo "2017"]
[PlyCount "109"]
[EventDate "2023.07.16"]

1. d4 Nf6 2. c4 g6 3. f3 c5 4. d5 d6 5. e4 Bg7 6. Nc3 O-O 7. Be3 a6 8. Qd2 e6 9. a4 exd5 10. cxd5 Re8 11. Nge2 Nbd7 12. Ng3 h5 13. Be2 Qc7 14. O-O Rb8 15. Rfe1 Qa5 16. Nf1 Ne5 17. Bf4 Nh7 18. Ne3 Qd8 19. Nc4 Nxc4 20. Bxc4 g5 21. Bg3 h4 22. Bf2 Be5 23. Rf1 Qf6 24. Be3 b5 25. axb5 axb5 26. Nxb5 Bd7 27. Nc3 Rb4 28. Be2 Reb8 29. Ra2 Kg7 30. f4 gxf4 31. Bxf4 Bxf4 32. Rxf4 Qd4+ 33. Qxd4+ cxd4 34. Nd1 Ba4 35. Rg4+ Kh8 36. Ra3 Nf6 37. Rxh4+ Kg7 38. Rf4 Nd7 39. Bh5 Ne5 40. Nf2 Bc2 41. Ng4 d3 42. Nxe5 dxe5 43. Rxf7+ Kh6 44. Rf5 Rb3 45. Ra6+ R3b6 46. Rxb6+ Rxb6 47. Rxe5 d2 48. Kf2 Rxb2 49. Ke3 d1=Q 50. Bxd1 Bxd1 51. d6 Ba4 52. Ra5 Bd7 53. Ra7 Bc6 54. d7 Rb8 55. Ra6 1-0

[Event "SERBIA OPEN 2023 - MASTERS"]
[Site "Belgrade,Metropol Palace hotel"]
[Date "2023.07.21"]
[Round "6.43"]
[White "Pevzner, Maks"]
[Black "Seemann, Jakub"]
[Result "0-1"]
[WhiteElo "2139"]
[BlackElo "2430"]
[PlyCount "162"]
[EventDate "2023.07.16"]

1. c4 e5 2. Nc3 Nf6 3. Nf3 Nc6 4. e4 Bb4 5. d3 d6 6. a3 Bc5 7. b4 Bb6 8. Na4 Bd4 9. Nxd4 Nxd4 10. Nc3 O-O 11. Be3 Ng4 12. Be2 Nxe2 13. Qxe2 f5 14. exf5 Bxf5 15. O-O Qh4 16. h3 Nf6 17. Rad1 Rae8 18. f3 Qg3 19. Kh1 Nh5 20. Ne4 Bxe4 21. fxe4 Qxh3+ 22. gxh3 Ng3+ 23. Kg2 Nxe2 24. a4 a6 25. a5 h6 26. Rxf8+ Rxf8 27. Rb1 g5 28. b5 Nf4+ 29. Bxf4 exf4 30. bxa6 bxa6 31. Kf3 Kg7 32. d4 h5 33. c5 dxc5 34. dxc5 Kf6 35. h4 gxh4 36. Kxf4 Rg8 37. Rd1 Rg5 38. c6 h3 39. Rh1 Rg4+ 40. Kf3 Rh4 41. Kg3 Rxe4 42. Rd1 Re3+ 43. Kh2 Rc3 44. Rd5 Kg6 45. Re5 Rxc6 46. Kxh3 Kf6 47. Rxh5 Ke6 48. Kg4 Kd6 49. Kf3 Rc3+ 50. Ke4 Kc6 51. Kd4 Rc1 52. Rg5 Rh1 53. Rc5+ Kb7 54. Kc4 Rh4+ 55. Kb3 Re4 56. Ka3 Rd4 57. Kb3 Kc8 58. Rc6 Rd6 59. Rc5 Kd7 60. Rh5 Kc6 61. Kc4 Rg6 62. Rc5+ Kd7 63. Kb4 Rg4+ 64. Kb3 Rg1 65. Kb4 Rb1+ 66. Kc4 Kc8 67. Rc6 Rc1+ 68. Kd5 Rd1+ 69. Kc4 Rd6 70. Kc5 Kd7 71. Rxd6+ cxd6+ 72. Kb6 d5 73. Kxa6 d4 74. Kb7 d3 75. a6 d2 76. a7 d1=Q 77. a8=Q Qd5+ 78. Kb8 Qe5+ 79. Kb7 Qb5+ 80. Ka7 Kc7 81. Qc6+ Kxc6 0-1

[Event "SERBIA OPEN 2023 - MASTERS"]
[Site "Belgrade,Metropol Palace hotel"]
[Date "2023.07.21"]
[Round "6.44"]
[White "Andrijevic, Milan"]
[Black "Wen, Tommy"]
[Result "1/2-1/2"]
[WhiteElo "2125"]
[BlackElo "2406"]
[PlyCount "102"]
[EventDate "2023.07.16"]

1. e4 c5 2. Nf3 a6 3. d4 cxd4 4. Nxd4 Nf6 5. Nc3 e5 6. Nb3 Bb4 7. Bg5 d6 8. Bxf6 Qxf6 9. Bc4 Bxc3+ 10. bxc3 O-O 11. O-O Nd7 12. a4 Qe7 13. Qd3 Nf6 14. a5 Bd7 15. Bd5 Rac8 16. Nd2 Bc6 17. c4 Rc7 18. Rab1 Rfc8 19. Rb4 Nd7 20. Qe3 Bxd5 21. exd5 f5 22. f3 Nf6 23. Rfb1 e4 24. f4 Ng4 25. Qe2 h6 26. h3 Nf6 27. Qe3 Kh8 28. Kh2 Nh5 29. Rf1 Rf8 30. g3 g5 31. fxg5 hxg5 32. Qd4+ Kg8 33. Rb3 Qh7 34. Kg2 Rcf7 35. Rb6 Re8 36. Rxd6 f4 37. Re6 Ref8 38. Qxe4 Nxg3 39. Qxh7+ Kxh7 40. Rb1 Nf5 41. Nf3 Rg7 42. Kf2 Ne3 43. Ne5 Nxc2 44. Rbb6 Nd4 45. Rh6+ Kg8 46. Rhg6 Rxg6 47. Rxg6+ Kh7 48. Rxg5 Nb3 49. d6 Nxa5 50. Kf3 Nb3 51. d7 Nd2+ 1/2-1/2

[Event "SERBIA OPEN 2023 - MASTERS"]
[Site "Belgrade,Metropol Palace hotel"]
[Date "2023.07.21"]
[Round "6.45"]
[White "Oktem, Ege Tuna"]
[Black "Mamatov, Melis"]
[Result "1/2-1/2"]
[WhiteElo "2112"]
[BlackElo "2403"]
[PlyCount "45"]
[EventDate "2023.07.16"]

1. e4 e5 2. Nf3 Nc6 3. Bc4 d6 4. d4 Be7 5. dxe5 dxe5 6. Qxd8+ Bxd8 7. Nc3 a6 8. Be3 Be7 9. O-O-O Bg4 10. Nd5 Bd6 11. h3 Bh5 12. Rhe1 Nge7 13. Bg5 f6 14. Bxf6 Nxd5 15. exd5 gxf6 16. dxc6 bxc6 17. g4 Bg6 18. Nd4 Kd7 19. Be6+ Ke7 20. Bc4 Kd7 21. Be6+ Ke7 22. Bc4 Kd7 23. Be6+ 1/2-1/2

[Event "SERBIA OPEN 2023 - MASTERS"]
[Site "Belgrade,Metropol Palace hotel"]
[Date "2023.07.21"]
[Round "6.46"]
[White "Putrenko, Kirill"]
[Black "Gkavardinas, Antonios"]
[Result "1-0"]
[WhiteElo "2385"]
[BlackElo "2146"]
[PlyCount "133"]
[EventDate "2023.07.16"]

1. d4 d5 2. c4 e6 3. Nc3 Be7 4. cxd5 exd5 5. Bf4 c6 6. e3 Bf5 7. g4 Be6 8. h4 Nd7 9. Qb3 Nb6 10. a4 a5 11. g5 h6 12. Nf3 Bf5 13. O-O-O Bb4 14. Rg1 hxg5 15. Rxg5 g6 16. Bd3 Bxd3 17. Rxd3 Nf6 18. Rd1 Kf8 19. Ne5 Rxh4 20. Rgg1 Rh5 21. Bg5 Qd6 22. f3 Qe6 23. Ne2 Rh7 24. Qd3 Nh5 25. Nf4 Nxf4 26. Bxf4 Nc4 27. Nxg6+ fxg6 28. Rxg6 Qf7 29. Rdg1 Ke7 30. Bh6 Rxh6 31. Rxh6 Rg8 32. Rxg8 Qxg8 33. Qh7+ Qxh7 34. Rxh7+ Ke6 35. e4 Nd6 36. Rh6+ Ke7 37. exd5 cxd5 38. Rh5 Nc4 39. Rxd5 Ke6 40. Rb5 b6 41. b3 Nd6 42. Re5+ Kf6 43. Kc2 Ba3 44. Kd3 Bc1 45. Re2 Ba3 46. Rc2 b5 47. axb5 Nxb5 48. Kc4 Nd6+ 49. Kd5 Nf5 50. Rc6+ Kg5 51. Ke4 Ng3+ 52. Ke5 Ne2 53. Rc2 Nf4 54. d5 Nd3+ 55. Kd4 Ne1 56. Ra2 Bb4 57. Ke4 Kf6 58. f4 Bc3 59. Rh2 Bb4 60. f5 Ba3 61. Re2 Bb4 62. d6 Kf7 63. Kd5 Nd3 64. Kc6 Kf8 65. d7 Be7 66. Rxe7 Nb4+ 67. Kd6 1-0

[Event "SERBIA OPEN 2023 - MASTERS"]
[Site "Belgrade,Metropol Palace hotel"]
[Date "2023.07.21"]
[Round "6.47"]
[White "Dimitrijevic, Dusan"]
[Black "Damjanovic, Vuk"]
[Result "0-1"]
[WhiteElo "2085"]
[BlackElo "2376"]
[PlyCount "110"]
[EventDate "2023.07.16"]

1. d4 Nf6 2. Bg5 c5 3. Nc3 Qa5 4. Bxf6 gxf6 5. d5 f5 6. e3 Bg7 7. Nge2 b5 8. Qd2 d6 9. Nf4 Bxc3 10. Qxc3 Qxc3+ 11. bxc3 Bd7 12. Be2 Na6 13. O-O c4 14. a4 bxa4 15. Bxc4 Nc5 16. Rfb1 O-O 17. f3 Rfc8 18. Bb5 Bxb5 19. Rxb5 Rab8 20. Rxb8 Rxb8 21. Nd3 Rc8 22. Nxc5 Rxc5 23. Rxa4 Rxd5 24. Rxa7 Kf8 25. Kf2 Rd2+ 26. Kg3 Rxc2 27. Kf4 Rxg2 28. h4 Rc2 29. Rc7 e6 30. c4 Kg7 31. Rc6 Kf6 32. Rxd6 Rxc4+ 33. e4 fxe4 34. fxe4 Ke7 35. Ra6 f5 36. Kg5 Rxe4 37. Ra7+ Kd6 38. Rxh7 Ke5 39. h5 Rg4+ 40. Kh6 Kf6 41. Rg7 e5 42. Rg6+ Kf7 43. Rg7+ Ke6 44. Rg6+ Kf7 45. Rg7+ Kf8 46. Ra7 e4 47. Ra5 f4 48. Kh7 e3 49. h6 Kf7 50. Kh8 Rg8+ 51. Kh7 Rg4 52. Kh8 Kf6 53. Rh5 Rg1 54. Rh4 Kf5 55. h7 Ra1 0-1

[Event "SERBIA OPEN 2023 - MASTERS"]
[Site "Belgrade,Metropol Palace hotel"]
[Date "2023.07.21"]
[Round "6.48"]
[White "Shohat, Yotam"]
[Black "Southcott-Moyers, Indy"]
[Result "1-0"]
[WhiteElo "2363"]
[BlackElo "2086"]
[PlyCount "69"]
[EventDate "2023.07.16"]

1. e4 e5 2. Nf3 Nc6 3. Bb5 Nf6 4. d3 Bc5 5. c3 d6 6. O-O O-O 7. h3 h6 8. Re1 a6 9. Ba4 Ba7 10. Nbd2 Ne7 11. Nf1 Ng6 12. Ng3 c6 13. d4 Re8 14. Be3 b5 15. Bc2 Be6 16. a4 Qc7 17. Qc1 Kh7 18. Nf5 Bxf5 19. exf5 Nf8 20. dxe5 dxe5 21. axb5 cxb5 22. Bxa7 Rxa7 23. Qe3 N8d7 24. Red1 Nb6 25. Bb3 Raa8 26. Bxf7 Qxf7 27. Qxb6 Qh5 28. Re1 Qxf5 29. Rxa6 Rab8 30. Qc5 Nd7 31. Qe3 b4 32. Ra7 Nf6 33. c4 e4 34. Nd4 Qc5 35. Rxg7+ 1-0